| 000 | 03214cam a22012494i 4500 | ||
|---|---|---|---|
| 003 | PE-LiUPU | ||
| 005 | 20250813185414.0 | ||
| 008 | 180115s2014 sp a rb 000 0 spa d | ||
| 020 | _a9788492889310 | ||
| 035 | _a(Sirsi) a240988 | ||
| 040 |
_aPE-LiUPU _bspa _cPE-LiUPU _erda |
||
| 049 | _aPRUA | ||
| 082 | 0 | 4 |
_a363.11 _bS3 _220 |
| 245 | 0 | 0 |
_aSeguridad en la empresa : _bprevención de riesgos laborales : nivel básico / _ccoordinadora de la obra, Estefanía Navas Cuenca. |
| 250 | _a2a edición. | ||
| 264 | 1 |
_aMadrid : _bICB, _c2014. |
|
| 300 |
_a[168 páginas] : _bilustraciones ; _c30 centímetros |
||
| 336 |
_atext _2rdacontent |
||
| 337 |
_aunmediated _2rdamedia |
||
| 338 |
_avolume _2rdacarrier |
||
| 504 | _aBibliografía : páginas [168] | ||
| 505 | 0 | _aConceptos básicos de seguridad y salud en el trabajo -- Riesgos generales y su prevención -- Elementos básicos de gestión de la prevención de riesgos laborales. | |
| 526 | _aP202 | ||
| 526 | _aP201 | ||
| 526 | _aP163 | ||
| 526 | _aP162 | ||
| 526 | _aP161 | ||
| 526 | _aP160 | ||
| 526 | _aP148 | ||
| 526 | _aP147 | ||
| 526 | _aP146 | ||
| 526 | _aP145 | ||
| 526 | _aP144 | ||
| 526 | _aP143 | ||
| 526 | _aP142 | ||
| 526 | _aP141 | ||
| 526 | _aP140 | ||
| 526 | _aP139 | ||
| 526 | _aP138 | ||
| 526 | _aP137 | ||
| 526 | _aP136 | ||
| 526 | _aP135 | ||
| 526 | _aP134 | ||
| 526 | _aP133 | ||
| 526 | _aP129 | ||
| 526 | _aP128 | ||
| 526 | _aP127 | ||
| 526 | _aP120 | ||
| 526 | _aP119 | ||
| 526 | _aP118 | ||
| 526 | _aP116 | ||
| 526 | _aP115 | ||
| 526 | _aP114 | ||
| 526 | _aP110 | ||
| 526 | _aP109 | ||
| 526 | _aP108 | ||
| 526 | _aP104 | ||
| 526 | _aP103 | ||
| 526 | _aP102 | ||
| 526 | _aP99 | ||
| 526 | _aP98 | ||
| 526 | _aP97 | ||
| 526 | _aP96 | ||
| 526 | _aP95 | ||
| 526 | _aP93 | ||
| 526 | _aP90 | ||
| 526 | _aP89 | ||
| 526 | _aP88 | ||
| 526 | _aP83 | ||
| 526 | _aP82 | ||
| 526 | _aP62 | ||
| 526 | _aP59 | ||
| 526 | _aP58 | ||
| 526 | _aP57 | ||
| 526 | _aP51 | ||
| 526 | _aP49 | ||
| 526 | _aP48 | ||
| 526 | _aP47 | ||
| 526 | _aP29 | ||
| 526 | _aP24 | ||
| 526 | _aP20 | ||
| 526 | _aP19 | ||
| 526 | _aP17 | ||
| 526 | _aP15 | ||
| 526 | _aP14 | ||
| 526 | _aP12 | ||
| 526 | _aP10 | ||
| 526 | _aP09 | ||
| 526 | _aP08 | ||
| 526 | _aP07 | ||
| 526 | _aP06 | ||
| 526 | _aP05 | ||
| 526 | _aP04 | ||
| 526 | _aP01 | ||
| 541 | _g001-0042331; | ||
| 650 | 0 | 4 |
_aAccidentes de trabajo. _932 |
| 650 | 0 | 4 | _aSeguridad laboral. |
| 650 | 0 | 4 | _aWork accidents. |
| 650 | 0 | 4 | _aJob security. |
| 700 | 1 |
_aNavas Cuenca, Estefanía, _ecoord. |
|
| 910 |
_adbm _bncf _cncf _d20180115 |
||
| 942 |
_2ddc _cBOOK |
||
| 994 |
_aC0 _bPEPRU |
||
| 596 | _a1 | ||
| 999 |
_a363.11 S3 _wDEWEY _c26648 _i78009 _d26648 _f2021-11-9 _g4 _lCCODEBUL1 _mBUL _p33.33 _q1 _r0 _sY _tBOOK _u2018-1-15 _xINGENIERIA _PP24 _0COMPRA _o.STAFF. Colección Ingeniería y Arquitectura |
||
| 999 |
_a363.11 S3 _wDEWEY _c2 _i78010 _f2021-11-9 _g4 _lCCODEBUL1 _mBUL _p33.33 _r0 _sY _tBOOK _u2018-1-15 _xINGENIERIA _PP24 _0COMPRA _o.STAFF. Colección Ingeniería y Arquitectura |
||
| 980 |
_81 _gALBERTO SANCHEZ Responsable de Automatización |
||